| 000 | 00000nam##2200000za#4500 |
| 001 | 9.644042 |
| 003 | CaOODSP |
| 005 | 20220328113322 |
| 007 | cr ||||||||||| |
| 008 | 150407|2014||||xxc|||||o f|0| 0 fre|d |
| 020 | |a978-0-660-23042-9 |
| 040 | |aCaOODSP|bfre |
| 043 | |an-cn--- |
| 086 | 1 |aIu37-4/1-2014F-PDF |
| 110 | 1 |aCanada. |bIndustrie Canada. |
| 245 | 13|aUn moment à saisir pour le Canada : |h[ressource électronique]|baller de l'avant dans le domaine des sciences, de la technologie et de l'innovation 2014 |
| 260 | |aOttawa - Ontario : |bIndustrie Canada |cc2014. |
| 300 | |a74p.|bfigures, glossaire, graphiques, carte, tableaux, photographies |
| 590 | |a15-01|b2015-01-02 |
| 775 | 08|tSeizing Canada's moment : |w(CaOODSP)9.700142 |
| 856 | 40|ahttp://publications.gc.ca|qPDF|s2154 Ko|uhttps://publications.gc.ca/collections/collection_2014/ic/Iu37-4-1-2014-fra.pdf |